Medzinárodné finančné centrá

Gespeichert in:
Bibliographische Detailangaben
1. Verfasser: Kotlebová, Jana (Verfasst von)
Format: Buch
Sprache:Slowakisch
Veröffentlicht: Bratislava : Iura Edition, 2004
Ausgabe:1. vyd
Schlagworte:
Online-Zugang:OBSAH
Tags: Tag hinzufügen
Keine Tags, Fügen Sie das erste Tag hinzu!

MARC

LEADER 00000nam a22000003a 4500
001 stu84499
005 20150617225632.7
008 040303s2004----xo------------------slo-d
020 |a 80-89047-83-1 
040 |a STU  |b slo 
041 0 |a slo 
044 |a xo 
080 |a 336.07+336.7 
100 1 |a Kotlebová, Jana  |4 aut 
245 1 |a Medzinárodné finančné centrá 
250 |a 1. vyd 
260 |a Bratislava :  |b Iura Edition,  |c 2004 
300 |a 291 s 
650 7 |a financie medzinárodné  |2 stusub 
650 7 |a peňažníctvo-centrá  |2 stusub 
650 7 |a centrá finančné medzinárodné  |2 stusub 
650 7 |a bankovníctvo medzinárodné  |2 stusub 
650 7 |a systém menový medzinárodný  |2 stusub 
856 4 |a https://sweb.mtf.stuba.sk/obsahy/medzinarodne_financne_centra_04.pdf  |u https://sweb.mtf.stuba.sk/obsahy/medzinarodne_financne_centra_04.pdf  |3 OBSAH 
996 |b 284M058779  |c M*11299-2  |l MMKN  |s A  |a 24  |w stu84499_0001 
996 |b 284M058778  |c M*11299-1  |l MMKN  |s A  |a 24  |w stu84499_0002